000
00244nam a2200097Ia 4500
001
1075809
005
20250827002245.0
008
250824s9999 xx 000 0 und d
245
0
_a
İDRİSİN İDRİS
_c
YAŞAR KAPLAN
260
_b
KETEBE YAYINLARI
999
_c
1075809
_d
1075809